000 00891nam a2200289 a 4500
001 24906
003 CO-ViMGA
008 141112s2004 ck r 000 u spa d
020 _a9789585750364
040 _aCO-ViMGA
_bspa
_cCO-ViMGA
041 _aSPA
090 _aA LEC2
100 1 _aLecaye, Olga
_925911
245 1 0 _aEl ratoncito Pérez /
_cOlga Lecaye ; traducido por Julia Vinent
250 _a6a ed.
260 _aBogotá :
_bCorimbo; Monserrate,
_c2012
300 _a38 p. : il. col. : il.
650 1 4 _aCONEJOS - LIBROS DE IMAGENES
_937325
650 1 4 _aDESDE LOS 4 AÑOS
_937326
650 1 4 _aDIENTES - LIBROS DE IMAGENES
_937327
650 1 4 _aLIBROS DE IMAGENES
_929438
650 1 4 _aRATON PEREZ - LIBROS DE IMAGENES
_937328
650 1 4 _aRATONES - LIBROS DE IMAGENES
_937329
700 1 _aLecaye, Olga
_925911
700 1 _aVinent, Julia
_937330
942 _2ddc
_cBK
999 _c2530
_d2530